000 00333nam a2200157Ia 4500
100 _aRoy/Uttam
650 _aWeb technologies
942 _cBK
366 _f25
245 _aWeb technologies
260 _bOxford Higher Education
_c2010
082 _a4.65
_bROY
300 _a758
546 _aENGLISH
_celectronics
999 _c31354
_d31354